| 000 | 00775nam a2200229Ii 4500 | ||
|---|---|---|---|
| 003 | JO-AjNU | ||
| 005 | 20240810074250.0 | ||
| 008 | 230605s9999||||xx |||||||||||||| ||und|| | ||
| 040 |
_aJO-AjNU _bara _erda _cJO-AjNU |
||
| 041 | _aara | ||
| 050 | 1 | 4 | _aHA29.A2 |
| 100 | 3 |
_aاعداد:علي،عبد المؤمن محمد, _eauthor _97432 |
|
| 245 | 0 | 0 | _aالاحصاء العملي:التخليص الاحصائي |
| 264 | 3 | 1 | _aد.م:مكتبة الشهباء |
| 300 | _a252ص | ||
| 336 |
_atext _btxt _2rdacontent |
||
| 337 |
_aunmediated _bn _2rdamedia |
||
| 338 |
_avolume _bnc _2rdacarrier |
||
| 490 | 0 | _aسلسلة العلوم التطبيقية في العلوم الاقتصادية والتجارية والمالية | |
| 650 | 4 |
_aاحصاء _97433 |
|
| 942 |
_2lcc _cBK |
||
| 999 |
_c3844 _d3844 |
||